| 000 | 00485nam a2200181Ia 4500 | ||
|---|---|---|---|
| 005 | 20250603144531.0 | ||
| 008 | 250603s9999 xx 000 0 und d | ||
| 020 | _a9780956372819 | ||
| 050 | _aQ 335 .S76/ | ||
| 100 | _aStone, Jame V. | ||
| 245 | 0 | _aArtificial Intelligence engines : a tutorial introduction to the mathematics of deep learning | |
| 260 | _aUnited State | ||
| 260 | _bSebtel Press | ||
| 260 | _c2020 | ||
| 300 | _a201 p | ||
| 650 | _aUnited State | ||
| 942 | _cBK | ||
| 999 |
_c39205 _d39205 |
||